Perspectives on power, India and China : (Record no. 123261)
[ view plain ]
| 000 -LEADER | |
|---|---|
| fixed length control field | 00845nam a22002417a 4500 |
| 005 - DATE AND TIME OF LATEST TRANSACTION | |
| control field | 20170124105922.0 |
| 010 ## - LIBRARY OF CONGRESS CONTROL NUMBER | |
| LC control number | 839052 |
| 020 ## - INTERNATIONAL STANDARD BOOK NUMBER | |
| Terms of availability | 00.00 |
| 035 ## - SYSTEM CONTROL NUMBER | |
| System control number | 839052 |
| 037 ## - SOURCE OF ACQUISITION | |
| Source of stock number/acquisition | Cen Lib/Ret |
| 040 ## - CATALOGING SOURCE | |
| Original cataloging agency | DPL |
| Language of cataloging | EN |
| 082 ## - DEWEY DECIMAL CLASSIFICATION NUMBER | |
| Classification number | 327.54051 |
| 100 ## - MAIN ENTRY--PERSONAL NAME | |
| Personal name | Pullai, P. V. |
| 9 (RLIN) | 5075 |
| 245 ## - TITLE STATEMENT | |
| Title | Perspectives on power, India and China : |
| Statement of responsibility, etc | by P. V. Pullai |
| Remainder of title | an analysis of attitudes towards political power in the two countires between c. seventh and second centuries B.C |
| 260 ## - PUBLICATION, DISTRIBUTION, ETC. (IMPRINT) | |
| Place of publication, distribution, etc | New Delhi |
| Name of publisher, distributor, etc | Manohar Book Services |
| Date of publication, distribution, etc | 1977 |
| 270 ## - ADDRESS | |
| Address | 2, Ansari Road, Darya Ganj |
| City | New Delhi |
| Postal code | 110002 |
| 300 ## - PHYSICAL DESCRIPTION | |
| Extent | xiii, 230p. |
| Dimensions | 22cm(Hb) |
| 500 ## - GENERAL NOTE | |
| General note | Includes bibliographical references and index |
| 650 ## - SUBJECT ADDED ENTRY--TOPICAL TERM | |
| Topical term or geographic name as entry element | Foriegn policy |
| 9 (RLIN) | 5076 |
| 650 ## - SUBJECT ADDED ENTRY--TOPICAL TERM | |
| Topical term or geographic name as entry element | International relations |
| 9 (RLIN) | 75874 |
| 650 ## - SUBJECT ADDED ENTRY--TOPICAL TERM | |
| Geographic subdivision | |
| 9 (RLIN) | 75875 |
| 942 ## - ADDED ENTRY ELEMENTS (KOHA) | |
| Source of classification or shelving scheme | Dewey Decimal Classification |
| Koha item type | English Books |
| Classification part | 327.54051 |
| Call number suffix | PIL |
| Withdrawn status | Lost status | Damaged status | Not for loan | Home library | Current library | Date acquired | Source of acquisition | Cost, normal purchase price | Total Checkouts | Full call number | Barcode | Date last seen | Copy number | Cost, replacement price | Price effective from | Koha item type | Public note |
|---|---|---|---|---|---|---|---|---|---|---|---|---|---|---|---|---|---|
| Written off | Central Library | Central Library | 04/06/2015 | Cen Lib/Ret | 0.00 | 327.54051 PIL | 839052 | 04/06/2015 | 1 | 0.00 | 04/06/2015 | English Books | W/d List No. 6888/ 7; dtd 09/09/2020 |
